| 000 | 00337nam a2200121Ia 4500 | ||
|---|---|---|---|
| 008 | 230907s9999||||xx |||||||||||||| ||und|| | ||
| 082 |
_a333.7932 _bRES |
||
| 100 |
_aZhang, Xiao-Ping. _968953 |
||
| 245 | 0 | _aRestructured electric power systems : | |
| 260 |
_aJohn Wiley & Sons, _bHoboken, N.J. : _c2010 |
||
| 300 | _a307 p. : | ||
| 942 | _cBK | ||
| 999 |
_c601215 _d601215 |
||